000 01024nac a22002897a 4500
001 BR0703846
003 BR-BrBNA
005 20240105123437.0
008 230509b bl.|||m| |||| 00| 0 por d
040 _aBR-BrBNA
_bpor
_cBiblioteca Nacional de Agricultura
072 _aL60
090 _a8530 BR0703846
100 1 _aMittermeier, R.A.
100 1 _aWilson, R.A.
110 1 _aUniversidade de São Paulo, São Paulo (Brasil). Museu de Zoologia
_910554
245 1 _aRedescription of Podocnemis erythrocephala (Spix, 1824), an Amazonia pelomedusid turtle
260 3 _aSão Paulo (Brasil):
_c1974.
300 _ap. 148-162
490 _aPapéis Avulsos de Zoologia - Universidade de São Paulo (Brazil)
_vv. 28(8)
_xISSN 0031-1049
500 _a30 ref.; Summary (En); Documento microfilmado e tratado BR6004726
650 _aTARTARUGA
650 _aPODOCNEMIS ERYTHROCEPHALA
650 _aTAXONOMIA ANIMAL
650 _aAMAZONIA
909 _a202312
_bLúcia Elande
_c55
_dLúcia Elande
942 _2AGRIS
_n0
_cMS
999 _c295472
_d295472